| 000 | 00000nam 2200000zi 4500 |
| 001 | 9.943698 |
| 003 | CaOODSP |
| 005 | 20241002103607 |
| 006 | m o d f |
| 007 | cr bn||||||||| |
| 008 | 241002t19801980onca ob f000 0 fre d |
| 020 | |a0662906020 |q(imprimé) |
| 040 | |aCaOODSP|bfre|erda|cCaOODSP |
| 041 | 0 |afre|bfre|beng |
| 043 | |an-cn-on |
| 086 | 1 |aEn42-1/4-77-3F-PDF |
| 086 | 1 |aEN43-4/77-3-F |
| 100 | 1 |aJank, B. E., |eauteur. |
| 245 | 13|aLa détoxication des eaux résiduaires du blanchiment de la pâte kraft par le procédé des boues activées / |cB.E. Jank, D.W. Bissett, V.W. Cairns et P.H.M. Guo. |
| 264 | 1|a[Burlington, Ont.] : |bService de la protection de l'environnement, Centre technique des eaux usées, |c[1980] |
| 264 | 4|c©1980 |
| 300 | |a1 ressource en ligne (ix, 74 pages) : |billustrations. |
| 336 | |atexte|btxt|2rdacontent/fre |
| 337 | |ainformatique|bc|2rdamedia/fre |
| 338 | |aressource en ligne|bcr|2rdacarrier/fre |
| 490 | 1 |aSerie de rapports du Service de la protection de l'environnement = |aEnvironmental Protection Service report series |
| 500 | |aPublié aussi en anglais sous le titre : An assessment of kraft bleachery effluent toxicity reduction using activated sludge. |
| 500 | |a« Rapport SPE-4-WP-77-3-F. » |
| 500 | |a« Rapport EPS 4-WP-77-3-F » -- Page [ii]. |
| 500 | |aÉdition numérisée de l'imprimé [par Environnement et changement climatique Canada]. |
| 504 | |aComprend des références bibliographiques (pages 42-43). |
| 546 | |aComprend des résumés en français et en anglais. |
| 650 | 6|aEaux usées|xÉpuration|xProcédé des boues activées|zOntario|zEspanola. |
| 650 | 6|aPâte à papier|xBlanchiment|xAspect de l'environnement|zOntario|zEspanola. |
| 650 | 6|aPâte à papier|xIndustrie|xDéchets|xÉlimination|xAspect de l'environnement|zOntario|zEspanola. |
| 710 | 1 |aCanada. |bService de la protection de l'environnement, |eorganisme de publication. |
| 710 | 2 |aCentre technique des eaux usées (Canada), |eorganisme de publication. |
| 775 | 08|tAn assessment of kraft bleachery effluent toxicity reduction using activated sludge / |w(CaOODSP)9.922030 |
| 830 | #0|aSérie de rapports du Service de la protection de l'environnement.|w(CaOODSP)9.866045 |
| 856 | 40|qPDF|s2.65 Mo|uhttps://publications.gc.ca/collections/collection_2024/eccc/en42/En42-1-4-77-3-fra.pdf |